000 00890nmm a2200289 a 4500
001 ocm000578331
003 TR-IsHL
005 20201028121422.0
008 130705s2010 tu tur
007 cr cn
020 _a9786055672201
035 _a578331
_b(N$T)
050 0 4 _aPL248.D34
_bY3 2010
090 0 4 _aPL248.D34
_bY3 2010
100 1 _aDağkılıç, A. Vahap
245 1 0 _aYasaklı aşk
_h[electronic resource] /
_cA. Vahap Dağkılıç ; ed. Aşkın Nur Dinç
250 _a1. bs.
260 _aİstanbul :
_bAres Kitap,
_c2010
300 _a128 p.
650 4 _aDil ve Edebiyat
650 4 _aLanguage and Literature
650 0 _aTürk şiiri
650 0 _aTurkish poetry
650 7 _aPOETRY / Middle Eastern
_2bisacsh
700 1 _aDinç, Aşkın Nur
856 4 0 _uhttp://search.ebscohost.com/login.aspx?direct=true&scope=site&db=e011xww&AN=578331
999 _c1314
_d1314